000 00392nam a22001697a 4500
999 _c11777
_d11777
003 OSt
008 230130b ||||| |||| 00| 0 eng d
020 _a9788125924005
082 _a338.5 DWE
100 _aDWIVEDI,DN
245 _aEssential Of Business Economic
250 _aRep
260 _aNew Delhi
_bVikas
_c2022
300 _a452
650 _aBusiness Economic
942 _2ddc
_cREF